000 00718nam a2200241Ia 4500
003 GCL
008 140319s9999 xx 000 0 ara d
040 _aGCL /
_cGCL
082 0 4 _a791.43
_bس س
100 1 _aاحمد الحضرى
245 1 0 _aالسينما اليوم /
_cاحمد الحضرى
700 1 _aسبنسر، د.ا
700 1 _aويلى, ه. د
700 1 _aسعدعبدالرحمن قلج
300 _a324 ص
490 _aديوان الملتقى
_v0
650 0 4 _aالافلام السينمائية
650 0 4 _aالسينما
650 0 4 _aالسينما - افلام
650 0 4 _aالافلام الروائية
650 0 4 _aالسينما الملونة
942 _2ddc
_cBK
999 _c43665
_d43665